书目信息 |
| 题名: |
橡胶材料及工艺学
|
|
| 作者: | 傅政 编著 | |
| 分册: | ||
| 出版信息: | 北京 化学工业出版社 2013.11 |
|
| 页数: | 284页 | |
| 开本: | 26cm | |
| 丛书名: | ||
| 单 册: | ||
| 中图分类: | TQ330.3 | |
| 科图分类: | ||
| 主题词: | 橡胶加工--原料 , 橡胶加工--工艺学 , 橡胶加工 , 原料 , 工艺学 | |
| 电子资源: | ||
| ISBN: | 978-7-122-18119-0 | |
| 000 | 01118nam0 2200301 450 | |
| 001 | 0120131154692 | |
| 005 | 20140610090024.54 | |
| 010 | @a978-7-122-18119-0@dCNY68.00 | |
| 100 | @a20131029d2013 em y0chiy0110 ea | |
| 101 | 0 | @achi |
| 102 | @aCN@b110000 | |
| 105 | @aak z 000yy | |
| 106 | @ar | |
| 200 | 1 | @a橡胶材料及工艺学@9xiang jiao cai liao ji gong yi xue@dRubber materials and processing@f傅政编著@zeng |
| 210 | @a北京@c化学工业出版社@d2013.11 | |
| 215 | @a284页@c图@d26cm | |
| 330 | @a本书共分5章,详细地对橡胶本体材料、橡胶材料的化学反应、橡胶材料结构与性能、橡胶材料设计基础、橡胶材料加工过程与技术进行了概括。 | |
| 333 | @a本书可供橡胶工业系统从事科研和生产的科技人员以及有关高分子材料工作者,作为进修和参考资料之用;也可作为高等学校中与橡胶相关专业的研究生及高年级学生的教学参考书 | |
| 510 | 1 | @aRubber materials and processing@zeng |
| 606 | 0 | @a橡胶加工@x原料 |
| 606 | 0 | @a橡胶加工@x工艺学 |
| 606 | 0 | @a橡胶加工 |
| 606 | 0 | @a原料 |
| 606 | 0 | @a工艺学 |
| 690 | @aTQ330.3@v5 | |
| 701 | 0 | @a傅政@9fu zheng@4编著 |
| 801 | 0 | @aCN@b人天书店@c20131029 |
| 905 | @b847064-66@dTQ330.3@e8@f3 | |
| 橡胶材料及工艺学=Rubber materials and processing/傅政编著.-北京:化学工业出版社,2013.11 |
| 284页:图;26cm |
| 使用对象:本书可供橡胶工业系统从事科研和生产的科技人员以及有关高分子材料工作者,作为进修和参考资料之用;也可作为高等学校中与橡胶相关专业的研究生及高年级学生的教学参考书 |
| ISBN 978-7-122-18119-0:CNY68.00 |
| 本书共分5章,详细地对橡胶本体材料、橡胶材料的化学反应、橡胶材料结构与性能、橡胶材料设计基础、橡胶材料加工过程与技术进行了概括。 |
| ● |
| 相关链接 |
|
|
|
|
正题名:橡胶材料及工艺学
索取号:TQ330.3/8
 
预约/预借
| 序号 | 登录号 | 条形码 | 馆藏地/架位号 | 状态 | 备注 |
| 1 | 847064 | 208470643 | 第二样本阅览室/ [索取号:TQ330.3/8] | 在馆 | |
| 2 | 847065 | 208470652 | 密集书库-化学系/ [索取号:TQ330.3/8] | 在馆 | |
| 3 | 847066 | 208470661 | 第三借阅区/ [索取号:TQ330.3/8] | 在馆 |